<?xml version="1.0" encoding="UTF-8"?>
<collection xmlns="http://www.loc.gov/MARC21/slim">
<record>
  <controlfield tag="001">154366</controlfield>
  <controlfield tag="005">20250513101700.0</controlfield>
  <datafield tag="037" ind1=" " ind2=" ">
    <subfield code="a">TAZ-TFG-2024-583</subfield>
  </datafield>
  <datafield tag="041" ind1=" " ind2=" ">
    <subfield code="a">spa</subfield>
  </datafield>
  <datafield tag="100" ind1="1" ind2=" ">
    <subfield code="a">Bello Murillo, Lucía</subfield>
  </datafield>
  <datafield tag="242" ind1="0" ind2="0">
    <subfield code="a">Nursing interventions for improving self-care  and treatment adherence in diabetic patients:  a literature review</subfield>
  </datafield>
  <datafield tag="245" ind1="0" ind2="0">
    <subfield code="a">Intervenciones enfermeras para la mejora del  autocuidado y la adherencia al tratamiento en  el paciente diabético: una revisión  bibliográfica</subfield>
  </datafield>
  <datafield tag="260" ind1=" " ind2=" ">
    <subfield code="a">Zaragoza</subfield>
    <subfield code="b">Universidad de Zaragoza</subfield>
    <subfield code="c">2024</subfield>
  </datafield>
  <datafield tag="506" ind1=" " ind2=" ">
    <subfield code="a">by-nc-sa</subfield>
    <subfield code="b">Creative Commons</subfield>
    <subfield code="c">3.0</subfield>
    <subfield code="u">http://creativecommons.org/licenses/by-nc-sa/3.0/</subfield>
  </datafield>
  <datafield tag="520" ind1=" " ind2=" ">
    <subfield code="a">Introducción: La adherencia al tratamiento y el autocuidado en el paciente diabético tipo 2 es &lt;br />crucial para reducir la morbimortalidad, las hospitalizaciones debido a la aparición de &lt;br />complicaciones y aumentar la calidad de vida. Los profesionales de salud pueden conseguir &lt;br />una mejora en la adherencia y autocuidado incidiendo en los factores relacionados &lt;br />directamente con el paciente. &lt;br />Objetivos: Identificar, analizar y comparar estudios sobre las intervenciones enfermeras &lt;br />destinadas a la mejora de la adherencia al tratamiento y el autocuidado en los pacientes &lt;br />diabéticos. Tras esto, proporcionar recomendaciones fundamentadas para optimizar y mejorar &lt;br />la atención enfermera y, por tanto, los resultados de salud de esta población específica.&lt;br />Metodología: Búsqueda bibliográfica exhaustiva de literatura científica de los últimos diez años &lt;br />siguiendo recomendaciones del protocolo COCHRANE. Se utilizaron las bases de datos Medline, &lt;br />ScienceDirect y Scielo para identificar estudios que describen diferentes intervenciones &lt;br />enfermeras para la mejora de la adherencia al tratamiento y el autocuidado del paciente. Se &lt;br />incluyeron estudios en inglés y castellano de acceso libre, evaluando su validez con una &lt;br />puntuación en la Escala CASP superior a siete puntos.&lt;br />Resultados y discusión: Se han recopilado un total de seis ensayos controlados aleatorizados, &lt;br />dos ensayos clínicos aleatorizados, un estudio experimental de medidas repetidas y una &lt;br />evaluación cualitativa de un ensayo controlado aleatorizado, realizados en 7 países diferentes. &lt;br />Las intervenciones dirigidas a mejorar la adherencia en la población diabética obtuvieron &lt;br />diferentes resultados según las características y metodologías utilizadas. Se llevaron a cabo &lt;br />mediante llamadas telefónicas, educación multimedia, aplicaciones móviles, teléfonos &lt;br />inteligentes e intervenciones multifactoriales.&lt;br />Conclusiones: Las intervenciones que obtuvieron resultados más eficaces son aquellas que &lt;br />ofrecían al paciente un cuidado individualizado y cercano, las que abordaban la esfera &lt;br />psicológica y las multifactoriales que utilizaban las tecnologías como apoyo en la educación &lt;br />saludable. Se destaca la necesidad de diseñar un estudio basado en una intervención &lt;br />multimodal para la mejora de la adherencia y autocuidado no únicamente durante el periodo &lt;br />de la intervención, sino a largo plazo.&lt;br />&lt;br /></subfield>
  </datafield>
  <datafield tag="521" ind1=" " ind2=" ">
    <subfield code="a">Graduado en Enfermería</subfield>
  </datafield>
  <datafield tag="540" ind1=" " ind2=" ">
    <subfield code="a">Derechos regulados por licencia Creative Commons</subfield>
  </datafield>
  <datafield tag="856" ind1="0" ind2=" ">
    <subfield code="f">815631@unizar.es</subfield>
  </datafield>
  <datafield tag="856" ind1="4" ind2=" ">
    <subfield code="s">972932</subfield>
    <subfield code="u">http://zaguan.unizar.es/record/154366/files/TAZ-TFG-2024-583.pdf</subfield>
    <subfield code="y">Memoria (spa)</subfield>
  </datafield>
  <datafield tag="909" ind1="C" ind2="O">
    <subfield code="o">oai:zaguan.unizar.es:154366</subfield>
    <subfield code="p">driver</subfield>
    <subfield code="p">trabajos-fin-grado</subfield>
  </datafield>
  <datafield tag="950" ind1=" " ind2=" ">
    <subfield code="a"></subfield>
  </datafield>
  <datafield tag="691" ind1=" " ind2=" ">
    <subfield code="a">3</subfield>
  </datafield>
  <datafield tag="692" ind1=" " ind2=" ">
    <subfield code="a">Mejora de la salud y bienestar en la población diabética a través de la mejora en la adherencia al tratamiento y el autocuidado.</subfield>
  </datafield>
  <datafield tag="700" ind1=" " ind2=" ">
    <subfield code="a">Fernández Rodrigo, María Teresa</subfield>
    <subfield code="e">dir.</subfield>
  </datafield>
  <datafield tag="710" ind1="2" ind2=" ">
    <subfield code="a">Universidad de Zaragoza</subfield>
    <subfield code="b">Fisiatría y Enfermería</subfield>
    <subfield code="c">Enfermería</subfield>
  </datafield>
  <datafield tag="980" ind1=" " ind2=" ">
    <subfield code="a">TAZ</subfield>
    <subfield code="b">TFG</subfield>
    <subfield code="c">EUCS</subfield>
  </datafield>
  <datafield tag="999" ind1=" " ind2=" ">
    <subfield code="a">20240508230544.CREATION_DATE</subfield>
  </datafield>
  <datafield tag="951" ind1=" " ind2=" ">
    <subfield code="a">deposita:2025-05-13</subfield>
  </datafield>
</record>
</collection>